000 00335nam a2200109Ia 4500
008 171211s9999 xx 000 0 und d
245 4 _aThe Evidence of God's Existence: As Explained in the Teaching of Agni Yoga
245 _cAndras Nagy
260 _c2007
650 _xRELIGION
856 _uhttp://down.ebook777.com/063/0979266505.pdf
999 _c350582
_d350582